000
00281nam a2200085Ia 4500
245
0
_a
Politics of climate justice paralysis above, movement below
100
_a
Bond, Patrick , Scottsville, South Africa, 2012
_9
85128
942
_c
BK
008
210817s9999 xx 000 0 und d
999
_c
316456
_d
316455